Human resource development :principles and practice/ (Record no. 3338)

000 -LEADER
fixed length control field 01196cam a2200349 a 4500
001 - CONTROL NUMBER
control field 11832569
003 - CONTROL NUMBER IDENTIFIER
control field OSt
005 - DATE AND TIME OF LATEST TRANSACTION
control field 20161003160436.0
008 - FIXED-LENGTH DATA ELEMENTS--GENERAL INFORMATION
fixed length control field 990810s1999 ii b 100 0 eng
010 ## - LIBRARY OF CONGRESS CONTROL NUMBER
LC control number 99937988
020 ## - INTERNATIONAL STANDARD BOOK NUMBER
International Standard Book Number 9780471341284
025 ## - OVERSEAS ACQUISITION NUMBER
Overseas acquisition number I-E-99-937988; 80-13
035 ## - SYSTEM CONTROL NUMBER
System control number (DLC) 99937988
037 ## - SOURCE OF ACQUISITION
Source of stock number/acquisition Library of Congress -- New Delhi Field Office
Terms of availability Rs375.00 ($35.00 U.S.)
040 ## - CATALOGING SOURCE
Original cataloging agency DLC
Transcribing agency DLC
Modifying agency DLC
042 ## - AUTHENTICATION CODE
Authentication code lcode
043 ## - GEOGRAPHIC AREA CODE
Geographic area code a-ii---
050 00 - LIBRARY OF CONGRESS CALL NUMBER
Classification number HF5549.2.D45 2000
082 00 - DEWEY DECIMAL CLASSIFICATION NUMBER
Classification number 658.3/00954
Edition number 21
100 ## - MAIN ENTRY--PERSONAL NAME
Personal name Delahaye,Brian
245 00 - TITLE STATEMENT
Title Human resource development :principles and practice/
Statement of responsibility, etc Brian Delahaye
260 ## - PUBLICATION, DISTRIBUTION, ETC. (IMPRINT)
Place of publication, distribution, etc Brisbane
Name of publisher, distributor, etc John Wiley and sons Ltd :
Date of publication, distribution, etc 2000.
300 ## - PHYSICAL DESCRIPTION
Extent xiii 408 p. ;
Dimensions 23 cm.
504 ## - BIBLIOGRAPHY, ETC. NOTE
Bibliography, etc Includes bibliographical references.
520 ## - SUMMARY, ETC.
Summary, etc Contributed papers presented at a national seminar; with special reference to India.
650 #0 - SUBJECT ADDED ENTRY--TOPICAL TERM
Topical term or geographic name as entry element Personnel management
Geographic subdivision India
Form subdivision Congresses.
650 #0 - SUBJECT ADDED ENTRY--TOPICAL TERM
Topical term or geographic name as entry element Manpower policy
Geographic subdivision India
Form subdivision Congresses.
700 1# - ADDED ENTRY--PERSONAL NAME
Personal name Rao, G. P.
906 ## - LOCAL DATA ELEMENT F, LDF (RLIN)
a 7
b cbc
c origode
d 3
e ncip
f 19
g y-gencatlg
942 ## - ADDED ENTRY ELEMENTS (KOHA)
Source of classification or shelving scheme
Koha item type Book
Holdings
Withdrawn status Lost status Source of classification or shelving scheme Damaged status Not for loan Home library Current library Shelving location Date acquired Total Checkouts Full call number Barcode Date last seen Date checked out Copy number Price effective from Koha item type
          Riara University Library Riara University Library General stack 03/10/2016 9 HF5549.2.D45 2000 8347/16 24/08/2023 25/07/2023 C.1 03/10/2016 Book
          Riara University Library Riara University Library General stack 06/05/2019   HF5549.2.D45 2000 10195 /19 06/05/2019   C.2 06/05/2019 Book

Riara University Library,
P.O. Box 49940-00100,
Nairobi, Kenya.